000 00594nam a2200241Ia 4500
005 20260306150141.0
008 008 260114s9999 xx 000 0 eng d
020 _a9781783097135
037 _aEbook
040 _aCRL
040 _beng
040 _cCRL
041 _2eng
041 _aeng
084 _qCRL
245 0 _aFuture Research Directions for Applied Linguistics
260 _bMultilingual Matters
260 _c2017
650 _aLinguistics and Semiotics
856 _uhttps://www.degruyter.com/isbn/9781783097135
942 _cEBOOK
999 _c1694223
_d1694223